<?xml version="1.0" encoding="UTF-8"?>
<record
    xmlns:xsi="http://www.w3.org/2001/XMLSchema-instance"
    xsi:schemaLocation="http://www.loc.gov/MARC21/slim http://www.loc.gov/standards/marcxml/schema/MARC21slim.xsd"
    xmlns="http://www.loc.gov/MARC21/slim">

  <leader>04075nam a2200277 a 4500</leader>
  <controlfield tag="008">161011s2015    ||||||||||||||||| ||    u</controlfield>
  <datafield tag="020" ind1=" " ind2=" ">
    <subfield code="a">9781446296585</subfield>
  </datafield>
  <datafield tag="020" ind1=" " ind2=" ">
    <subfield code="a">1446296571</subfield>
  </datafield>
  <datafield tag="020" ind1=" " ind2=" ">
    <subfield code="a">144629658X</subfield>
  </datafield>
  <datafield tag="020" ind1=" " ind2=" ">
    <subfield code="a">9781446296578</subfield>
  </datafield>
  <datafield tag="050" ind1=" " ind2=" ">
    <subfield code="a">HD 30.4 Eas</subfield>
  </datafield>
  <datafield tag="100" ind1=" " ind2=" ">
    <subfield code="a">Thorpe, Richard</subfield>
  </datafield>
  <datafield tag="245" ind1="1" ind2="0">
    <subfield code="a">Management and business research. (5th edition)</subfield>
    <subfield code="c">By Mark Easterby-Smith, Richard Thorpe [and] Paul R. Jackson</subfield>
  </datafield>
  <datafield tag="250" ind1=" " ind2=" ">
    <subfield code="a">5th edition</subfield>
  </datafield>
  <datafield tag="260" ind1=" " ind2=" ">
    <subfield code="a">Los Angeles</subfield>
    <subfield code="b">SAGE Publications</subfield>
    <subfield code="c">2015</subfield>
  </datafield>
  <datafield tag="300" ind1=" " ind2=" ">
    <subfield code="a">xvi, 377 pages : illustrations</subfield>
  </datafield>
  <datafield tag="350" ind1=" " ind2=" ">
    <subfield code="a">63.00</subfield>
  </datafield>
  <datafield tag="500" ind1=" " ind2=" ">
    <subfield code="a">Includes bibliographical references and index.</subfield>
  </datafield>
  <datafield tag="505" ind1=" " ind2=" ">
    <subfield code="a">Machine generated contents note: 1. Getting started and writing the research proposal -- The landscape of management and business research -- Elements of a research proposal -- Clear research questions and research objectives -- Explanation of how the research relates to previous work in the field -- Concise description of the research design and methods -- The impact and engagement agenda -- Conclusion -- Further reading -- 2. Reviewing the literature -- What is a literature review and what are its main purposes? -- Preparing a literature review: finding and recording relevant literature -- Finding relevant literature -- Evaluating literature -- Writing a literature review -- Conclusion -- Further reading -- 3. The philosophy of management and business research -- The philosophical debates -- Ontology: from realism to nominalism -- Epistemology: positivism vs social constructionism -- Strengths and weaknesses of the main traditions -- Paradigms and research approaches.  Note continued: Conclusion -- Further reading -- 4. Designing management and business research -- The essence of research design -- Positivist research designs -- Experimental methods -- Survey research -- Constructionist research designs -- Case method and grounded theory -- Mixed methods -- Common design dilemmas -- Contributing to theory -- Contrasting views on validity and reliability -- Research design template -- Conclusion -- Further reading -- 5. Politics, access and ethics -- Politics and power in research -- Political influences on research -- Politics of access -- Ethics -- Conclusion -- Further reading -- 6. Crafting qualitative data through language and text -- Crafting qualitative data -- Textual data -- Qualitative interviews -- Preparing for data collection -- Conducting interviews -- Interview-based mapping techniques -- Conclusion -- Further reading -- 7. Crafting qualitative data through observation and interaction -- Visual data.  Note continued: Observational research -- Interactive and participatory methods -- General concerns related to the creation of qualitative data -- Conclusion -- Further reading -- 8. Framing and interpreting qualitative data -- Preparing and managing qualitative data -- Framing and interpreting qualitative data: seven approaches -- Computer-aided analysis -- Quality in qualitative research -- Conclusion -- Further reading -- 9. Crafting quantitative data -- Sources of quantitative data -- Question design -- Measurement models -- Conclusion -- Further reading -- 10. Summarizing and making inferences from quantitative data -- Summarizing and describing data -- Going beyond a sample -- Conclusion -- Further reading -- 11. Multivariate analysis -- The domain of multivariate analysis -- Multivariate analysis of causal models -- Conclusion -- Further reading -- 12. Writing management and business research -- The skills of writing -- The content of reports and dissertations.  Note continued: Writing up the literature review -- Outputs and evaluation -- Plagiarism -- Dissemination strategies -- Conclusion -- Further reading.</subfield>
  </datafield>
  <datafield tag="650" ind1=" " ind2="0">
    <subfield code="a">OPERATIONS RESEARCH</subfield>
  </datafield>
  <datafield tag="650" ind1=" " ind2=" ">
    <subfield code="a">ORGANIZATIONAL BEHAVIOUR</subfield>
  </datafield>
  <datafield tag="650" ind1=" " ind2="0">
    <subfield code="a"> MANAGEMENT--RESEARCH</subfield>
  </datafield>
  <datafield tag="700" ind1=" " ind2=" ">
    <subfield code="a">Easterby-Smith, Mark</subfield>
  </datafield>
  <datafield tag="700" ind1=" " ind2=" ">
    <subfield code="a">Jackson, Paul R</subfield>
  </datafield>
  <datafield tag="995" ind1=" " ind2=" ">
    <subfield code="F">CBU-MAIN LIBRARY (Kitwe)</subfield>
    <subfield code="I">63.00</subfield>
    <subfield code="M">1</subfield>
    <subfield code="U">AVAILABLE</subfield>
    <subfield code="W">Oct 14, 2016</subfield>
    <subfield code="Z">Main Library Open Access Collection</subfield>
  </datafield>
  <datafield tag="999" ind1=" " ind2=" ">
    <subfield code="c">49864</subfield>
    <subfield code="d">49864</subfield>
  </datafield>
  <datafield tag="952" ind1=" " ind2=" ">
    <subfield code="0">0</subfield>
    <subfield code="1">0</subfield>
    <subfield code="2">lcc</subfield>
    <subfield code="4">0</subfield>
    <subfield code="7">0</subfield>
    <subfield code="a">001</subfield>
    <subfield code="b">001</subfield>
    <subfield code="c">Main Library Open Access Collection</subfield>
    <subfield code="d">2022-11-30</subfield>
    <subfield code="l">0</subfield>
    <subfield code="o">HD 30.4 Eas</subfield>
    <subfield code="p">747135</subfield>
    <subfield code="r">2022-11-30</subfield>
    <subfield code="w">2022-11-30</subfield>
    <subfield code="y">002</subfield>
  </datafield>
</record>
